[Event "LSS No Engine Cup 231 Preliminary 0"]
[Site "LSS email"]
[Date "2022.11.22"]
[Round "?"]
[White "Portas, Daniel"]
[Black "Stadler, Pavel"]
[Result "1-0"]
[WhiteElo "1654"]
[BlackElo "1460"]
[PlyCount "69"]
[EventDate "2022.11.22"]
[EventType "tourn (corr)"]
[EventRounds "6"]
[EventCountry "GER"]
[SourceTitle "Corr 2024"]
[Source "ChessBase"]
[SourceDate "2023.10.19"]
[SourceVersion "1"]
[SourceVersionDate "2023.10.19"]
[SourceQuality "1"]

1. e4 e5 2. Nf3 Nc6 3. Bb5 a6 4. Ba4 Nf6 5. 0-0 Be7 6. Re1 b5 7. Bb3 0-0 8. c3 d6 9. h3 Na5 10. Bc2 c5 11. d4 Qc7 12. Nbd2 Bd7 13. Nf1 Rfe8 14. d5 c4 15. Ng3 g6 16. Bg5 Nb7 17. Nh2 Nc5 18. h4 a5 19. f4 exf4 20. Bxf4 Qb6 21. Be3 Qc7 22. h5 b4 23. hxg6 hxg6 24. Rf1 Kg7 25. Bd4 Qd8 26. Bxc5 dxc5 27. e5 Ng8 28. Nh5+ gxh5 29. Qxh5 f5 30. e6 Bxe6 31. dxe6 Nh6 32. Bxf5 Nxf5 33. Qf7+ Kh6 34. Ng4+ Kg5 35. Rxf5+ 1-0

[Event "LSS No Engine Cup 230 Preliminary 0"]
[Site "LSS email"]
[Date "2022.10.08"]
[Round "?"]
[White "Pauk, Jozef"]
[Black "Stadler, Pavel"]
[Result "0-1"]
[WhiteElo "1068"]
[BlackElo "1483"]
[PlyCount "62"]
[EventDate "2022.10.08"]
[EventType "tourn (corr)"]
[EventRounds "6"]
[EventCountry "GER"]
[SourceTitle "Corr 2024"]
[Source "ChessBase"]
[SourceDate "2023.10.19"]
[SourceVersion "1"]
[SourceVersionDate "2023.10.19"]
[SourceQuality "1"]

1. d4 d5 2. e3 Bf5 3. Bd3 Bxd3 4. Qxd3 c6 5. Nd2 Nf6 6. c4 dxc4 7. Nxc4 e6 8. Ne5 Nbd7 9. Nxd7 Qxd7 10. Nf3 Bd6 11. 0-0 0-0 12. Bd2 Qe7 13. a3 Rfd8 14. Ng5 h6 15. Nf3 e5 16. Qc2 exd4 17. exd4 Qe4 18. Qc1 Bc7 19. Re1 Qf5 20. Bxh6 gxh6 21. Qxh6 Qg6 22. Qd2 Re8 23. Rxe8+ Rxe8 24. Nh4 Qh5 25. g3 Re2 26. Qb4 Qb5 27. Qxb5 cxb5 28. b4 Ne4 29. f4 Bb6 30. Kf1 Rf2+ 31. Ke1 Rxh2 0-1

[Event "LSS No Engine Cup 230 Preliminary 0"]
[Site "LSS email"]
[Date "2022.10.08"]
[Round "?"]
[White "Stadler, Pavel"]
[Black "Groth, Detlef"]
[Result "1/2-1/2"]
[WhiteElo "1483"]
[BlackElo "1585"]
[PlyCount "84"]
[EventDate "2022.10.08"]
[EventType "tourn (corr)"]
[EventRounds "6"]
[EventCountry "GER"]
[SourceTitle "Corr 2024"]
[Source "ChessBase"]
[SourceDate "2023.10.19"]
[SourceVersion "1"]
[SourceVersionDate "2023.10.19"]
[SourceQuality "1"]

1. e4 d5 2. exd5 Nf6 3. Bc4 Nxd5 4. Nc3 Nb6 5. Bb3 Nc6 6. d3 Bf5 7. Nge2 e6 8. Ng3 Bg6 9. Bf4 Bd6 10. Bxd6 cxd6 11. 0-0 0-0 12. Re1 d5 13. Na4 Nxa4 14. Bxa4 Qd6 15. d4 Rac8 16. c3 a6 17. Rc1 b5 18. Bc2 Bxc2 19. Rxc2 Na5 20. Rce2 Nc4 21. Nf1 b4 22. Ne3 bxc3 23. bxc3 Qa3 24. Rc2 Nd6 25. Qc1 Qxc1 26. Rexc1 Rc6 27. Kf1 Rfc8 28. Ke2 Nb5 29. Kd3 Kf8 30. a4 Nd6 31. f3 Nc4 32. Nxc4 Rxc4 33. Ra1 Rb8 34. Ra3 Ke7 35. Rca2 g5 36. Kc2 Kd6 37. Rb3 Rxb3 38. Kxb3 f6 39. g3 e5 40. dxe5+ fxe5 41. Re2 h5 42. h3 Ke6 1/2-1/2

[Event "LSS No Engine Cup 230 Preliminary 0"]
[Site "LSS email"]
[Date "2022.10.08"]
[Round "?"]
[White "Stadler, Pavel"]
[Black "Varas, Pablo"]
[Result "0-1"]
[WhiteElo "1483"]
[BlackElo "2125"]
[PlyCount "60"]
[EventDate "2022.10.08"]
[EventType "tourn (corr)"]
[EventRounds "6"]
[EventCountry "GER"]
[SourceTitle "Corr 2024"]
[Source "ChessBase"]
[SourceDate "2023.10.19"]
[SourceVersion "1"]
[SourceVersionDate "2023.10.19"]
[SourceQuality "1"]

1. e4 c5 2. Nf3 d6 3. d4 cxd4 4. Nxd4 Nf6 5. Nc3 a6 6. Bg5 e6 7. f4 Qb6 8. Nb3 Nbd7 9. Qf3 Qc7 10. Bd3 b5 11. 0-0 Bb7 12. Rad1 g6 13. Qf2 Be7 14. f5 gxf5 15. exf5 e5 16. h3 Rg8 17. Bxf6 Nxf6 18. g3 e4 19. Be2 d5 20. g4 h5 21. Qh2 Bd6 22. Qg2 hxg4 23. hxg4 Rh8 24. Rf2 0-0-0 25. Bxb5 Rdg8 26. Be2 Bg3 27. Nd4 Bxf2+ 28. Qxf2 Nxg4 29. Bxg4 Rxg4+ 30. Kf1 Rf4 0-1

[Event "LSS No Engine Cup 229 Preliminary 0"]
[Site "LSS email"]
[Date "2022.08.25"]
[Round "?"]
[White "Louro, Eugenio"]
[Black "Stadler, Pavel"]
[Result "1-0"]
[WhiteElo "1938"]
[BlackElo "1487"]
[PlyCount "59"]
[EventDate "2022.08.25"]
[EventType "tourn (corr)"]
[EventRounds "6"]
[EventCountry "GER"]
[SourceTitle "Corr 2024"]
[Source "ChessBase"]
[SourceDate "2023.10.19"]
[SourceVersion "1"]
[SourceVersionDate "2023.10.19"]
[SourceQuality "1"]

1. e4 e5 2. Nf3 Nc6 3. Bc4 Nf6 4. Ng5 d5 5. exd5 Na5 6. Bb5+ c6 7. dxc6 bxc6 8. Qf3 Rb8 9. Bd3 Be7 10. 0-0 0-0 11. b3 h6 12. Ne4 Nd5 13. Ng3 Nf4 14. Bf5 Bb7 15. Re1 Bf6 16. Be4 Ne6 17. Nh5 Be7 18. Qf5 g6 19. Qxe5 Bd6 20. Nf6+ Kh8 21. Qc3 Nd4 22. Nd7 Qxd7 23. Qxd4+ Kh7 24. g3 c5 25. Qf6 Bxe4 26. Bb2 Rg8 27. Rxe4 Nc6 28. Nc3 Nd4 29. Nd5 Bf8 30. Qxd4 1-0

[Event "LSS No Engine Cup 229 Preliminary 0"]
[Site "LSS email"]
[Date "2022.08.25"]
[Round "?"]
[White "Stadler, Pavel"]
[Black "Wernitz, Helmut"]
[Result "0-1"]
[WhiteElo "1487"]
[BlackElo "1598"]
[PlyCount "20"]
[EventDate "2022.08.25"]
[EventType "tourn (corr)"]
[EventRounds "6"]
[EventCountry "GER"]
[SourceTitle "Corr 2024"]
[Source "ChessBase"]
[SourceDate "2023.10.19"]
[SourceVersion "1"]
[SourceVersionDate "2023.10.19"]
[SourceQuality "1"]

1. e4 c5 2. Nf3 e6 3. d4 cxd4 4. Nxd4 Nc6 5. Nc3 Qc7 6. g3 h5 7. Bg2 a6 8. Bf4 e5 9. Nd5 Qb8 10. Nxc6 bxc6 0-1

[Event "LSS No Engine Cup 227 Preliminary 0"]
[Site "LSS email"]
[Date "2022.05.26"]
[Round "?"]
[White "Lombardi, Donato"]
[Black "Stadler, Pavel"]
[Result "0-1"]
[WhiteElo "1061"]
[BlackElo "1504"]
[PlyCount "76"]
[EventDate "2022.05.26"]
[EventType "tourn (corr)"]
[EventRounds "6"]
[EventCountry "GER"]
[SourceTitle "Corr 2024"]
[Source "ChessBase"]
[SourceDate "2023.10.19"]
[SourceVersion "1"]
[SourceVersionDate "2023.10.19"]
[SourceQuality "1"]

1. e4 e5 2. Nf3 Nc6 3. d4 exd4 4. Nxd4 Nf6 5. Nc3 Bb4 6. Nxc6 bxc6 7. Bd3 d5 8. exd5 cxd5 9. 0-0 0-0 10. Bg5 c6 11. Qf3 Be7 12. Rae1 Be6 13. Ne2 h6 14. Bh4 Rb8 15. b3 Rb4 16. a3 Rxh4 17. Ng3 Bxa3 18. Nf5 Bxf5 19. Qxf5 Qd7 20. Qxd7 Nxd7 21. Ra1 Bc5 22. c3 Ne5 23. Be2 Re4 24. b4 Bb6 25. Ba6 Ng4 26. Bb7 Nxf2 27. Rxf2 Bxf2+ 28. Kxf2 Rc4 29. Rxa7 Rxc3 30. b5 cxb5 31. Bxd5 b4 32. Rb7 Rc2+ 33. Kg3 g6 34. Rxb4 Rd8 35. Bb3 Rd3+ 36. Kh4 Rxg2 37. Rb7 Rf2 38. h3 Rf4# 0-1

[Event "LSS No Engine Cup 227 Preliminary 0"]
[Site "LSS email"]
[Date "2022.05.26"]
[Round "?"]
[White "Nowak, Andrzej"]
[Black "Stadler, Pavel"]
[Result "1-0"]
[WhiteElo "2030"]
[BlackElo "1504"]
[PlyCount "57"]
[EventDate "2022.05.26"]
[EventType "tourn (corr)"]
[EventRounds "6"]
[EventCountry "GER"]
[SourceTitle "Corr 2024"]
[Source "ChessBase"]
[SourceDate "2023.10.19"]
[SourceVersion "1"]
[SourceVersionDate "2023.10.19"]
[SourceQuality "1"]

1. e4 e5 2. Nf3 Nc6 3. Bb5 a6 4. Ba4 Nf6 5. 0-0 Nxe4 6. d4 b5 7. Bb3 d5 8. dxe5 Be6 9. Nbd2 Nc5 10. c3 d4 11. Bxe6 Nxe6 12. cxd4 Ncxd4 13. a4 Be7 14. Nxd4 Qxd4 15. axb5 0-0 16. bxa6 Rfd8 17. Qe2 Nf4 18. Qb5 Nd3 19. Nf3 Qc5 20. Qxc5 Bxc5 21. Be3 Bxe3 22. fxe3 Nxb2 23. a7 Nc4 24. Rfc1 Nxe3 25. Rxc7 Nd5 26. Rb7 Rdc8 27. Nd4 Kf8 28. Rf1 f6 29. Ne6+ 1-0

[Event "LSS No Engine Cup 227 Preliminary 0"]
[Site "LSS email"]
[Date "2022.05.26"]
[Round "?"]
[White "Stadler, Pavel"]
[Black "Ramponelli, Roberto"]
[Result "1-0"]
[WhiteElo "1504"]
[BlackElo "1580"]
[PlyCount "45"]
[EventDate "2022.05.26"]
[EventType "tourn (corr)"]
[EventRounds "6"]
[EventCountry "GER"]
[SourceTitle "Corr 2024"]
[Source "ChessBase"]
[SourceDate "2023.10.19"]
[SourceVersion "1"]
[SourceVersionDate "2023.10.19"]
[SourceQuality "1"]

1. e4 d5 2. exd5 Qxd5 3. Nc3 Qa5 4. d4 Nf6 5. Be2 Nc6 6. Be3 Bf5 7. a3 0-0-0 8. Nf3 e5 9. 0-0 exd4 10. b4 Bxb4 11. axb4 Qxb4 12. Na2 Qc5 13. Bf4 Qxc2 14. Qxc2 Bxc2 15. Bb5 Bg6 16. Bxc6 bxc6 17. Rfc1 Rhe8 18. Rxc6 Nd5 19. Bd2 Nb6 20. Nb4 Kb7 21. Rcc1 Re2 22. Nc6 a6 23. Nxd8+ 1-0

[Event "LSS No Engine Cup 225 Preliminary 0"]
[Site "LSS email"]
[Date "2022.02.02"]
[Round "?"]
[White "Kocian, Stefan"]
[Black "Stadler, Pavel"]
[Result "1-0"]
[WhiteElo "1319"]
[BlackElo "1533"]
[PlyCount "59"]
[EventDate "2022.02.02"]
[EventType "tourn (corr)"]
[EventRounds "6"]
[EventCountry "GER"]
[SourceTitle "Corr 2024"]
[Source "ChessBase"]
[SourceDate "2023.10.19"]
[SourceVersion "1"]
[SourceVersionDate "2023.10.19"]
[SourceQuality "1"]

1. e4 e5 2. Nf3 Nc6 3. Bb5 a6 4. Bxc6 dxc6 5. 0-0 Bg4 6. h3 h5 7. d3 Qf6 8. Nbd2 Bd6 9. Qe1 Bxf3 10. Nxf3 Ne7 11. d4 0-0-0 12. c4 c5 13. Bg5 Qe6 14. d5 Qd7 15. Rb1 f6 16. Be3 g5 17. b4 g4 18. Nh4 gxh3 19. g3 f5 20. bxc5 f4 21. cxd6 cxd6 22. Bb6 Rdg8 23. Kh2 Ng6 24. Nf5 h4 25. g4 f3 26. Be3 Nf4 27. Bxf4 exf4 28. Rg1 Rg5 29. Qc3 Rhg8 30. Qxf3 1-0

[Event "LSS No Engine Cup 225 Preliminary 0"]
[Site "LSS email"]
[Date "2022.02.02"]
[Round "?"]
[White "Portas, Daniel"]
[Black "Stadler, Pavel"]
[Result "1-0"]
[WhiteElo "1731"]
[BlackElo "1533"]
[PlyCount "79"]
[EventDate "2022.02.02"]
[EventType "tourn (corr)"]
[EventRounds "6"]
[EventCountry "GER"]
[SourceTitle "Corr 2024"]
[Source "ChessBase"]
[SourceDate "2023.10.19"]
[SourceVersion "1"]
[SourceVersionDate "2023.10.19"]
[SourceQuality "1"]

1. e4 c5 2. Nf3 d6 3. d4 cxd4 4. Nxd4 Nf6 5. Nc3 g6 6. Be2 Bg7 7. 0-0 Nc6 8. Nb3 a6 9. Re1 Be6 10. Bf1 0-0 11. Nd5 Rc8 12. c3 Ne5 13. Nxf6+ Bxf6 14. Nd4 Bc4 15. Bxc4 Nxc4 16. b3 Ne5 17. Bh6 Bg7 18. Bxg7 Kxg7 19. Qd2 Qc7 20. c4 Qc5 21. Rad1 Nc6 22. Nxc6 Rxc6 23. Qc3+ Kg8 24. Rd5 Qb6 25. Red1 Rc5 26. a3 Rfc8 27. a4 Rxd5 28. exd5 f6 29. Re1 Qc7 30. Qe3 Re8 31. Qe6+ Kg7 32. h4 Kf8 33. h5 Qc8 34. Qe4 Kg7 35. Re3 f5 36. Qd4+ Kg8 37. Re6 Kf7 38. hxg6+ hxg6 39. Qh4 Kg7 40. Qg5 1-0

[Event "LSS No Engine Cup 225 Preliminary 0"]
[Site "LSS email"]
[Date "2022.02.02"]
[Round "?"]
[White "Stadler, Pavel"]
[Black "Harding, Tim"]
[Result "0-1"]
[WhiteElo "1533"]
[BlackElo "1840"]
[PlyCount "88"]
[EventDate "2022.02.02"]
[EventType "tourn (corr)"]
[EventRounds "6"]
[EventCountry "GER"]
[SourceTitle "Corr 2024"]
[Source "ChessBase"]
[SourceDate "2023.10.19"]
[SourceVersion "1"]
[SourceVersionDate "2023.10.19"]
[SourceQuality "1"]

1. e4 e5 2. Nf3 Nc6 3. d4 exd4 4. Nxd4 Qf6 5. Nxc6 Bc5 6. Qf3 dxc6 7. Nc3 Be6 8. Bd3 0-0-0 9. 0-0 Qxf3 10. gxf3 Ne7 11. Be3 Bd4 12. Bxd4 Rxd4 13. Ne2 Rdd8 14. b3 Ng6 15. f4 Bh3 16. Rfe1 Bg4 17. f5 Ne5 18. Kg2 Bf3+ 19. Kg3 Nxd3 20. cxd3 Bxe2 21. Rxe2 Rxd3+ 22. Kf4 f6 23. Rg1 Rd7 24. Ke3 Re8 25. Kf4 c5 26. Rc1 b6 27. Rc3 Re5 28. f3 Kb7 29. Ke3 g6 30. fxg6 hxg6 31. Rg2 g5 32. f4 gxf4+ 33. Kxf4 Rde7 34. Re3 f5 35. Rge2 fxe4 36. Rxe4 Rxe4+ 37. Rxe4 Rxe4+ 38. Kxe4 Kc6 39. Ke5 Kd7 40. Kf6 b5 41. Ke5 c6 42. a4 c4 43. bxc4 b4 44. Kd4 c5+ 0-1

[Event "LSS No Engine Cup 225 Preliminary 0"]
[Site "LSS email"]
[Date "2022.02.02"]
[Round "?"]
[White "Stadler, Pavel"]
[Black "Madrid, Pedro"]
[Result "1-0"]
[WhiteElo "1533"]
[BlackElo "1672"]
[PlyCount "48"]
[EventDate "2022.02.02"]
[EventType "tourn (corr)"]
[EventRounds "6"]
[EventCountry "GER"]
[SourceTitle "Corr 2024"]
[Source "ChessBase"]
[SourceDate "2023.10.19"]
[SourceVersion "1"]
[SourceVersionDate "2023.10.19"]
[SourceQuality "1"]

1. e4 g6 2. d4 Bg7 3. Nc3 d6 4. Be3 Nf6 5. f3 0-0 6. Bd3 e5 7. Nge2 c6 8. Qd2 b5 9. a3 a6 10. dxe5 dxe5 11. 0-0-0 a5 12. Bh6 b4 13. axb4 axb4 14. Nb1 Qe7 15. h4 Rd8 16. Bxg7 Kxg7 17. Qg5 h6 18. Qe3 h5 19. Bc4 Nbd7 20. g4 hxg4 21. h5 gxh5 22. Qg5+ Kf8 23. fxg4 Nxg4 24. Qxh5 Ndf6 1-0

[Event "LSS No Engine Cup 224 Preliminary 0"]
[Site "LSS email"]
[Date "2022.01.08"]
[Round "?"]
[White "Louro, Eugenio"]
[Black "Stadler, Pavel"]
[Result "1-0"]
[WhiteElo "1975"]
[BlackElo "1533"]
[PlyCount "89"]
[EventDate "2022.01.08"]
[EventType "tourn (corr)"]
[EventRounds "6"]
[EventCountry "GER"]
[SourceTitle "Corr 2024"]
[Source "ChessBase"]
[SourceDate "2023.10.19"]
[SourceVersion "1"]
[SourceVersionDate "2023.10.19"]
[SourceQuality "1"]

1. e4 c5 2. Nf3 d6 3. d4 cxd4 4. Nxd4 Nf6 5. Nc3 g6 6. Be3 Bg7 7. Be2 Nc6 8. f3 0-0 9. Qd2 Bd7 10. 0-0 a6 11. Rad1 b5 12. Nxc6 Bxc6 13. Nd5 Nxd5 14. exd5 Bd7 15. c3 Rc8 16. Rfe1 Re8 17. a3 h5 18. Bd3 e5 19. dxe6 Bxe6 20. Bc2 Bf8 21. Bd4 Bc4 22. Qf4 Rxe1+ 23. Rxe1 Bg7 24. h3 Bxd4+ 25. Qxd4 Qc7 26. h4 Qc5 27. Qxc5 dxc5 28. b3 Be6 29. Bxg6 fxg6 30. Rxe6 Kf7 31. Rxa6 Rd8 32. Rb6 Ra8 33. Rxb5 Rxa3 34. c4 Ke6 35. Kh2 Kd6 36. Rb6+ Ke5 37. Kg3 Kf5 38. Rb5 Kf6 39. Kf4 Ra2 40. Rxc5 Rxg2 41. b4 Rb2 42. Rc6+ Kg7 43. b5 Rb4 44. Kg5 Kf7 45. b6 1-0

[Event "LSS No Engine Cup 221 Preliminary 0"]
[Site "LSS email"]
[Date "2021.09.14"]
[Round "?"]
[White "Heiser, Jerome"]
[Black "Stadler, Pavel"]
[Result "0-1"]
[WhiteElo "734"]
[BlackElo "1487"]
[PlyCount "102"]
[EventDate "2021.09.14"]
[EventType "tourn (corr)"]
[EventRounds "6"]
[EventCountry "GER"]
[SourceTitle "Corr 2024"]
[Source "ChessBase"]
[SourceDate "2023.10.19"]
[SourceVersion "1"]
[SourceVersionDate "2023.10.19"]
[SourceQuality "1"]

1. e4 c5 2. Nf3 d6 3. Bb5+ Bd7 4. Bc4 Nc6 5. d4 cxd4 6. Nxd4 Nf6 7. Nc3 a6 8. 0-0 b5 9. Bd5 Rc8 10. Nxc6 Bxc6 11. Re1 e6 12. Bxc6+ Rxc6 13. Bg5 Be7 14. h3 0-0 15. e5 dxe5 16. Ne4 h6 17. Bh4 Nxe4 18. Bxe7 Qxe7 19. Rxe4 f6 20. a3 Rd8 21. Qe2 Rd4 22. Re3 Rcd6 23. Re4 Rd2 24. Qh5 R6d4 25. Re3 Qf7 26. Qxf7+ Kxf7 27. Rc1 Rc4 28. Rc3 Rxc3 29. bxc3 e4 30. Kf1 e5 31. Ke1 Rd6 32. Ke2 f5 33. Ke3 Rc6 34. Kd2 Ke6 35. g4 f4 36. Re1 Kd5 37. h4 Rc4 38. g5 h5 39. g6 Rc6 40. Rg1 e3+ 41. fxe3 fxe3+ 42. Kd3 e4+ 43. Kxe3 Rxc3+ 44. Kd2 Rxa3 45. c3 Ra2+ 46. Ke3 Rh2 47. Rg5+ Kc4 48. Rxh5 Kxc3 49. Kxe4 b4 50. Rh7 b3 51. Rxg7 Rxh4+ 0-1

[Event "LSS No Engine Cup 221 Preliminary 0"]
[Site "LSS email"]
[Date "2021.09.14"]
[Round "?"]
[White "Kolanek, Sylwia"]
[Black "Stadler, Pavel"]
[Result "1-0"]
[WhiteElo "2115"]
[BlackElo "1487"]
[PlyCount "53"]
[EventDate "2021.09.14"]
[EventType "tourn (corr)"]
[EventRounds "6"]
[EventCountry "GER"]
[SourceTitle "Corr 2024"]
[Source "ChessBase"]
[SourceDate "2023.10.19"]
[SourceVersion "1"]
[SourceVersionDate "2023.10.19"]
[SourceQuality "1"]

1. d4 Nf6 2. c4 e6 3. Nc3 Bb4 4. Nf3 b6 5. e3 Bb7 6. Bd3 d6 7. Qa4+ Nc6 8. Bd2 0-0 9. 0-0 Bxc3 10. Bxc3 Ne7 11. Nd2 c5 12. dxc5 dxc5 13. Qc2 Ng6 14. Rfd1 Qe7 15. Nf1 Rad8 16. Ng3 Rd7 17. a3 Rfd8 18. Bf1 Rxd1 19. Rxd1 Rxd1 20. Qxd1 Qd7 21. Qc2 Nh4 22. Bxf6 gxf6 23. b4 cxb4 24. axb4 Qc6 25. Qa2 Nxg2 26. b5 Qf3 27. Be2 1-0

[Event "LSS No Engine Cup 220 Preliminary 0"]
[Site "LSS email"]
[Date "2021.08.26"]
[Round "?"]
[White "Heiser, Jerome"]
[Black "Stadler, Pavel"]
[Result "0-1"]
[WhiteElo "741"]
[BlackElo "1475"]
[PlyCount "94"]
[EventDate "2021.08.26"]
[EventType "tourn (corr)"]
[EventRounds "6"]
[EventCountry "GER"]
[SourceTitle "Corr 2024"]
[Source "ChessBase"]
[SourceDate "2023.10.19"]
[SourceVersion "1"]
[SourceVersionDate "2023.10.19"]
[SourceQuality "1"]

1. e4 c5 2. Bc4 e6 3. e5 d5 4. Bb3 Nc6 5. Ba4 Bd7 6. Bxc6 Bxc6 7. d4 cxd4 8. Qxd4 Ne7 9. Bg5 h6 10. Bh4 Qc7 11. Nf3 Nf5 12. Qg4 Be7 13. 0-0 Nxh4 14. Nxh4 Qxe5 15. c3 Qg5 16. Qxg5 hxg5 17. Nf3 f6 18. Nbd2 Bd6 19. Nd4 Bxh2+ 20. Kh1 Bf4+ 21. Kg1 Bxd2 22. Nxe6 Kf7 23. Nd4 Bf4 24. g3 Be5 25. Kg2 Bxd4 26. cxd4 Rae8 27. Rh1 Rxh1 28. Rxh1 Re2 29. Rb1 Rd2 30. Kh3 Rxd4 31. b4 a6 32. Rb3 Rd2 33. f4 gxf4 34. gxf4 Rxa2 35. Rb1 g5 36. fxg5 fxg5 37. Rg1 Kg6 38. Re1 Rb2 39. Kg3 Rxb4 40. Re7 d4 41. Re6+ Kf5 42. Re2 d3 43. Ra2 Rd4 44. Ra5+ Rd5 45. Ra1 d2 46. Rf1+ Kg6 47. Rd1 Ba4 0-1

[Event "LSS No Engine Cup 220 Preliminary 0"]
[Site "LSS email"]
[Date "2021.08.26"]
[Round "?"]
[White "Lonyuk, Bohdan"]
[Black "Stadler, Pavel"]
[Result "0-1"]
[WhiteElo "1780"]
[BlackElo "1475"]
[PlyCount "44"]
[EventDate "2021.08.26"]
[EventType "tourn (corr)"]
[EventRounds "6"]
[EventCountry "GER"]
[SourceTitle "Corr 2024"]
[Source "ChessBase"]
[SourceDate "2023.10.19"]
[SourceVersion "1"]
[SourceVersionDate "2023.10.19"]
[SourceQuality "1"]

1. e4 c5 2. Nf3 d6 3. d4 cxd4 4. Nxd4 Nf6 5. Nc3 g6 6. Be3 Bg7 7. f3 0-0 8. Qd2 Nc6 9. 0-0-0 d5 10. exd5 Nxd5 11. Nxc6 bxc6 12. Nxd5 cxd5 13. Qxd5 Qc7 14. Qc5 Qb7 15. Qa3 Bf5 16. Bd3 Rab8 17. b3 Qc6 18. Bxf5 Qc3 19. Bd3 Rbc8 20. Bc4 Qxe3+ 21. Kb1 Qc3 22. Kc1 Rxc4 0-1

[Event "LSS No Engine Cup 220 Preliminary 0"]
[Site "LSS email"]
[Date "2021.08.26"]
[Round "?"]
[White "Portas, Daniel"]
[Black "Stadler, Pavel"]
[Result "1-0"]
[WhiteElo "1666"]
[BlackElo "1475"]
[PlyCount "65"]
[EventDate "2021.08.26"]
[EventType "tourn (corr)"]
[EventRounds "6"]
[EventCountry "GER"]
[SourceTitle "Corr 2024"]
[Source "ChessBase"]
[SourceDate "2023.10.19"]
[SourceVersion "1"]
[SourceVersionDate "2023.10.19"]
[SourceQuality "1"]

1. e4 c5 2. Nf3 d6 3. d4 cxd4 4. Nxd4 Nf6 5. Nc3 g6 6. Be3 Bg7 7. f3 0-0 8. Bc4 Nc6 9. Qd2 Bd7 10. 0-0-0 Rb8 11. Bb3 Ne5 12. h3 b5 13. f4 Nc4 14. Bxc4 bxc4 15. e5 Ne8 16. Nf3 Qa5 17. Nd5 Qxa2 18. Qc3 Be6 19. Nxe7+ Kh8 20. Bd4 dxe5 21. Nxe5 f6 22. N5c6 Rb7 23. Rhe1 Bd7 24. Qa5 Qxa5 25. Nxa5 Rc7 26. Nd5 Rc8 27. Re7 Bc6 28. Nxc6 Rxc6 29. Rde1 Nd6 30. R1e6 Ra6 31. Kb1 Rc6 32. Bxf6 Bxf6 33. Nxf6 1-0

[Event "LSS No Engine Cup 220 Preliminary 0"]
[Site "LSS email"]
[Date "2021.08.26"]
[Round "?"]
[White "Stadler, Pavel"]
[Black "Hoehne, Micha"]
[Result "1/2-1/2"]
[WhiteElo "1475"]
[BlackElo "2083"]
[PlyCount "23"]
[EventDate "2021.08.26"]
[EventType "tourn (corr)"]
[EventRounds "6"]
[EventCountry "GER"]
[SourceTitle "Corr 2024"]
[Source "ChessBase"]
[SourceDate "2023.10.19"]
[SourceVersion "1"]
[SourceVersionDate "2023.10.19"]
[SourceQuality "1"]

1. e4 e5 2. Nf3 Nc6 3. Bc4 Bc5 4. Nc3 Nf6 5. d3 0-0 6. Bg5 h6 7. Bh4 a6 8. Nd5 g5 9. Nxg5 Nxd5 10. Qh5 hxg5 11. Bxd5 gxh4 12. Qg6+ 1/2-1/2

[Event "LSS No Engine Cup 220 Preliminary 0"]
[Site "LSS email"]
[Date "2021.08.26"]
[Round "?"]
[White "Stadler, Pavel"]
[Black "Kolanek, Sylwia"]
[Result "0-1"]
[WhiteElo "1475"]
[BlackElo "2102"]
[PlyCount "64"]
[EventDate "2021.08.26"]
[EventType "tourn (corr)"]
[EventRounds "6"]
[EventCountry "GER"]
[SourceTitle "Corr 2024"]
[Source "ChessBase"]
[SourceDate "2023.10.19"]
[SourceVersion "1"]
[SourceVersionDate "2023.10.19"]
[SourceQuality "1"]

1. e4 c5 2. Nf3 d6 3. d4 cxd4 4. Nxd4 Nf6 5. Nc3 a6 6. Bg5 Nbd7 7. Bc4 e6 8. Bb3 Nc5 9. Qe2 Be7 10. 0-0 Nfxe4 11. Nxe4 Bxg5 12. Nxg5 Qxg5 13. Rad1 0-0 14. Nf3 Qe7 15. Qd2 Rd8 16. c3 Nxb3 17. axb3 e5 18. Rfe1 f6 19. Nd4 Qf7 20. Nc2 Qxb3 21. Nb4 Be6 22. Nd5 Bxd5 23. Qxd5+ Qxd5 24. Rxd5 Kf7 25. Red1 Ke6 26. f3 Rac8 27. Kf2 Rc4 28. Ke3 g5 29. h3 h5 30. R1d2 h4 31. Ra5 Rdc8 32. Rdd5 b6 0-1

[Event "LSS No Engine Cup 219 Preliminary 0"]
[Site "LSS email"]
[Date "2021.07.10"]
[Round "?"]
[White "Hruby, Milan"]
[Black "Stadler, Pavel"]
[Result "1-0"]
[WhiteElo "1600"]
[BlackElo "1466"]
[PlyCount "63"]
[EventDate "2021.07.10"]
[EventType "tourn (corr)"]
[EventRounds "6"]
[EventCountry "GER"]
[SourceTitle "Corr 2024"]
[Source "ChessBase"]
[SourceDate "2023.10.19"]
[SourceVersion "1"]
[SourceVersionDate "2023.10.19"]
[SourceQuality "1"]

1. d4 Nf6 2. c4 e6 3. Nc3 Bb4 4. a3 Bxc3+ 5. bxc3 c5 6. f3 d5 7. cxd5 exd5 8. e3 0-0 9. Bd3 b6 10. Ne2 Nc6 11. 0-0 Re8 12. g4 h6 13. Ng3 Qe7 14. Ra2 cxd4 15. cxd4 Be6 16. Rg2 Rac8 17. Bb1 Na5 18. Qd3 Nc4 19. h4 g6 20. h5 g5 21. e4 dxe4 22. fxe4 Nxg4 23. e5 f5 24. exf6 Qf7 25. Qg6+ Qxg6 26. hxg6 Rf8 27. Nf5 Bxf5 28. Bxf5 Nge3 29. Be6+ Kh8 30. g7+ Kh7 31. gxf8Q Rxf8 32. Bxc4 1-0

[Event "LSS No Engine Cup 216 Preliminary 0"]
[Site "LSS email"]
[Date "2021.04.11"]
[Round "?"]
[White "Herzog, Mathias"]
[Black "Stadler, Pavel"]
[Result "1-0"]
[WhiteElo "2133"]
[BlackElo "1439"]
[PlyCount "65"]
[EventDate "2021.04.11"]
[EventType "tourn (corr)"]
[EventRounds "6"]
[EventCountry "GER"]
[SourceTitle "Corr 2024"]
[Source "ChessBase"]
[SourceDate "2023.10.19"]
[SourceVersion "1"]
[SourceVersionDate "2023.10.19"]
[SourceQuality "1"]

1. e4 e5 2. Nf3 Nc6 3. Bb5 a6 4. Ba4 Nf6 5. d3 b5 6. Bb3 Bc5 7. c3 d6 8. Nbd2 0-0 9. h3 Be6 10. 0-0 Bxb3 11. Nxb3 Bb6 12. Re1 h6 13. a4 Rb8 14. a5 Ba7 15. Be3 Bxe3 16. Rxe3 Ne7 17. d4 exd4 18. cxd4 Ng6 19. d5 Re8 20. Nbd4 Rc8 21. Nc6 Qd7 22. Qc2 Ne5 23. Nfxe5 dxe5 24. Rc1 Qd6 25. Qc3 Nd7 26. Na7 Ra8 27. Qxc7 Qxc7 28. Rxc7 Nf6 29. f3 Red8 30. Nc6 Ne8 31. Rb7 Rd6 32. Rc3 Kf8 33. Nxe5 1-0